PASSWORD - Anglický výkladový slovník so slovenskými ekvivalentmi [moderný slovník nového typu]

Salvato in:
Dettagli Bibliografici
Natura: Libro
Lingua:inglese
slovacco
Pubblicazione: Bratislava Slovenské pedagogické nakladateľstvo 2002
Soggetti:
Tags: Aggiungi Tag
Nessun Tag, puoi essere il primo ad aggiungerne!!

MARC

LEADER 00000nam a2200000 4500
001 c141080
005 20221124092645.3
020 |a 80-08-03331-2 
041 0 |a eng 
041 0 |a slo 
044 |a SK 
245 1 0 |a PASSWORD - Anglický výkladový slovník so slovenskými ekvivalentmi  |b [moderný slovník nového typu]  |c [textová editorka: Soňa Stušková] 
264 1 |a Bratislava  |b Slovenské pedagogické nakladateľstvo  |c 2002 
300 |a 861 s. 
610 2 0 |a jazykoveda 
610 2 0 |a terminológia 
610 2 0 |a jazyky cudzie